Central Library OPAC University of Rajshahi

An introduction to relativistic quantum field theory / (Record no. 42730)

MARC details
000 -LEADER
fixed length control field 00819nam a22002531 4500
001 - CONTROL NUMBER
control field 42730
003 - CONTROL NUMBER IDENTIFIER
rucl marc code BD-RjUL
005 - DATE AND TIME OF LATEST TRANSACTION
control field 20211209053601.0
008 - FIXED-LENGTH DATA ELEMENTS--GENERAL INFORMATION
fixed length control field 160903s1961 ilua b 001 0 eng
035 ## - SYSTEM CONTROL NUMBER
System control number (BD-RjUL)42848
040 ## - CATALOGING SOURCE
Original cataloging agency DLC/ICU
Transcribing agency ICU
Modifying agency DLC
Language of cataloging eng
041 ## - LANGUAGE CODE
Language code of text/sound track or separate title eng
082 00 - DEWEY DECIMAL CLASSIFICATION NUMBER
Classification number 530.12
Edition number 23
Author mark and year SCI 1961
100 1# - MAIN ENTRY--PERSONAL NAME
Personal name Schweber, Silvan S.
9 (RLIN) 154920
245 13 - TITLE STATEMENT
Title An introduction to relativistic quantum field theory /
Statement of responsibility, etc. Schweber, Silvan S. ; Foreword by Hans A. Bethe.
260 ## - PUBLICATION, DISTRIBUTION, ETC. (IMPRINT)
Place of publication, distribution, etc. Evanston, Ill.,
Name of publisher, distributor, etc. Row, Peterson
Date of publication, distribution, etc. c1961
300 ## - PHYSICAL DESCRIPTION
Pagination xiv, 905 p.:
Illustrations ill. ;
Size 24 cm.
504 ## - BIBLIOGRAPHY, ETC. NOTE
Bibliography, etc Includes bibliography and index
650 #0 - SUBJECT ADDED ENTRY--TOPICAL TERM
Topical term or geographic name as entry element Quantum field theory.
9 (RLIN) 118408
700 ## - ADDED ENTRY--PERSONAL NAME
Personal name Bethe, Hans A. , Foreworder
942 ## - ADDED ENTRY ELEMENTS (KOHA)
Source of classification or shelving scheme Dewey Decimal Classification
Koha item type Books
Holdings
Lost status Source of classification or shelving scheme Damaged status Not for loan Collection code Permanent Location Current Location Shelving location Date acquired Source of acquisition Cost, normal purchase price Total Checkouts Full call number Date last seen Copy number Koha item type
  Dewey Decimal Classification   Not For Loan Non-fiction Central Library, University of Rajshahi Central Library, University of Rajshahi Reading Room 09/03/1963 Zeitlinger 96.00   530.12 SCI 1961 03/09/2016 C-1 Books
  Dewey Decimal Classification     Non-fiction Central Library, University of Rajshahi Central Library, University of Rajshahi   09/03/1963 Zeitlinger 96.00   530.12 SCI 1961 07/05/2017 C-2 Books
  Dewey Decimal Classification     Non-fiction Central Library, University of Rajshahi Central Library, University of Rajshahi   09/03/1963 Zeitlinger 96.00   530.12 SCI 1961 08/05/2017 C-3 Books